| 000 | 00631cab a2200217 4500 | ||
|---|---|---|---|
| 001 | WB3133-21 | ||
| 008 | 090401t1995 xxu||||| |||| 00| 0 eng d | ||
| 035 | _a(Sirsi) u61105 | ||
| 041 | _aeng | ||
| 245 | _aPrivate cash scheme "hits health care" | ||
| 260 | _c1995 | ||
| 350 | _a0 | ||
| 490 |
_aIndependent _v4 September 1995, 5(1) |
||
| 520 | _aNHS trusts are desparately seeking funding and investment for new developments in order to provide essential health services. | ||
| 650 | _aDEVELOPMENTS | ||
| 650 | _aNHS | ||
| 650 | _aPRIVATE FUNDING | ||
| 690 | _aECONOMIC AND SOCIAL | ||
| 942 | _n0 | ||
| 948 | _c04/03/1997 | ||
| 999 |
_c37783 _d37783 |
||